[Event "Berlin BSV IM"]
[Site "Berlin"]
[Date "2022.04.12"]
[Round "6"]
[White "Vogel, Constantin"]
[Black "Schmidek, Emil"]
[Result "0-1"]
[WhiteElo "2190"]
[BlackElo "2383"]
[PlyCount "114"]
[EventDate "2022.04.08"]
[EventType "tourn"]
[EventRounds "9"]
[EventCountry "GER"]
[EventCategory "2"]
[SourceTitle "CBM 207 Extra"]
[Source "ChessBase"]
[SourceDate "2022.05.31"]
[SourceVersion "1"]
[SourceVersionDate "2022.05.31"]
[SourceQuality "1"]

1. c4 e6 2. g3 d5 3. Bg2 d4 4. Nf3 c5 5. e3 Nc6 6. exd4 cxd4 7. 0-0 Nf6 8. d3 Bd6 9. Bg5 h6 10. Bxf6 Qxf6 11. Nbd2 Qe7 12. a3 a5 13. Ne4 Bc7 14. b4 axb4 15. axb4 Rxa1 16. Qxa1 f5 17. Nc5 0-0 18. Qa4 Qd6 19. Re1 Kh7 20. b5 Qxc5 21. bxc6 bxc6 22. Nd2 Qa5 23. Qxa5 Bxa5 24. Re2 Bxd2 25. Rxd2 Bd7 26. Ra2 Rb8 27. Ra7 Be8 28. f4 Kg6 29. Rc7 Kf6 30. Bxc6 Bxc6 31. Rxc6 Rb3 32. Rd6 Rxd3 33. Kf1 Ke7 34. c5 g5 35. Ke2 Re3+ 36. Kf2 Re4 37. Kf3 g4+ 38. Kf2 h5 39. Kf1 h4 40. Kf2 h3 41. Kf1 Re3 42. Rxd4 Rc3 43. Rd1 Rxc5 44. Kg1 Rd5 45. Re1 Kd6 46. Kh1 Rd2 47. Kg1 Kd5 48. Kh1 Kd4 49. Kg1 Kd3 50. Ra1 Ke2 51. Rb1 Rd4 52. Rb2+ Kd3 53. Rb3+ Kc2 54. Re3 Rd1+ 55. Kf2 Rh1 56. Rxe6 Rxh2+ 57. Kg1 Rg2+ 0-1

[Event "Berlin BSV IM"]
[Site "Berlin"]
[Date "2022.04.11"]
[Round "5"]
[White "Mirzoev, Emil"]
[Black "Vogel, Constantin"]
[Result "1-0"]
[WhiteElo "2467"]
[BlackElo "2190"]
[PlyCount "75"]
[EventDate "2022.04.08"]
[EventType "tourn"]
[EventRounds "9"]
[EventCountry "GER"]
[EventCategory "2"]
[SourceTitle "CBM 207 Extra"]
[Source "ChessBase"]
[SourceDate "2022.05.31"]
[SourceVersion "1"]
[SourceVersionDate "2022.05.31"]
[SourceQuality "1"]

1. c4 Nf6 2. Nc3 e5 3. Nf3 Nc6 4. e3 Bb4 5. Qc2 0-0 6. Be2 Re8 7. 0-0 h6 8. d3 d5 9. cxd5 Nxd5 10. a3 Bf8 11. b4 a5 12. b5 Na7 13. Nxd5 Qxd5 14. a4 Qc5 15. Qd2 Bd7 16. Bb2 c6 17. Qxa5 Qc2 18. Qc3 Qxe2 19. Rfe1 Nxb5 20. axb5 Rxa1 21. Bxa1 Qa2 22. Nxe5 Qd5 23. bxc6 bxc6 24. Qd4 Qxd4 25. Bxd4 c5 26. Nxd7 cxd4 27. e4 Bb4 28. Rb1 Ra8 29. g3 Bd6 30. Rb6 Ba3 31. Rb8+ Rxb8 32. Nxb8 Kf8 33. Kg2 f6 34. Kf3 Bb2 35. e5 f5 36. g4 fxg4+ 37. Kxg4 Kf7 38. Kf5 1-0

[Event "Berlin BSV IM"]
[Site "Berlin"]
[Date "2022.04.08"]
[Round "1"]
[White "Glek, Igor Vladimirovich"]
[Black "Vogel, Constantin"]
[Result "1-0"]
[WhiteElo "2479"]
[BlackElo "2190"]
[PlyCount "75"]
[EventDate "2022.04.08"]
[EventType "tourn"]
[EventRounds "9"]
[EventCountry "GER"]
[EventCategory "2"]
[SourceTitle "CBM 207 Extra"]
[Source "ChessBase"]
[SourceDate "2022.05.31"]
[SourceVersion "1"]
[SourceVersionDate "2022.05.31"]
[SourceQuality "1"]

1. e4 Nf6 2. e5 Nd5 3. d4 d6 4. c4 Nb6 5. exd6 cxd6 6. Nc3 g6 7. Be3 Bg7 8. Rc1 0-0 9. b3 Bf5 10. Nf3 d5 11. c5 Nc8 12. h3 Nc6 13. Bb5 Be4 14. Nxe4 dxe4 15. Bxc6 bxc6 16. Ne5 Qd5 17. 0-0 e6 18. f3 Ne7 19. fxe4 Qxe4 20. Qf3 Qxf3 21. Rxf3 f6 22. Nc4 Nf5 23. Bf2 e5 24. dxe5 fxe5 25. Re1 Rfe8 26. Rd3 Nd4 27. Na5 Nc2 28. Re4 Re6 29. Rd6 Rxd6 30. cxd6 Rd8 31. Bc5 Nd4 32. Nc4 Nb5 33. a4 Nc3 34. Re1 e4 35. Bxa7 Bf8 36. Bb6 Rd7 37. Bc5 Bg7 38. a5 1-0

[Event "Oberliga Nord O 2122"]
[Site "Germany"]
[Date "2022.03.20"]
[Round "7.6"]
[White "Jauk, Wilhelm"]
[Black "Vogel, Constantin"]
[Result "1-0"]
[WhiteElo "2168"]
[BlackElo "2209"]
[PlyCount "89"]
[EventDate "2021.10.31"]
[EventType "team-tourn"]
[EventRounds "9"]
[EventCountry "GER"]
[SourceTitle "EXT 2023"]
[Source "ChessBase"]
[SourceDate "2022.10.05"]
[SourceVersion "1"]
[SourceVersionDate "2022.10.05"]
[SourceQuality "1"]
[WhiteTeam "Oberschoeneweide"]
[BlackTeam "Kreuzberg"]
[WhiteTeamCountry "GER"]
[BlackTeamCountry "GER"]

1. c4 Nf6 2. Nc3 e5 3. g3 c6 4. Bg2 d5 5. d3 d4 6. Nb1 c5 7. e4 Nc6 8. Ne2 Be7 9. 0-0 a6 10. f4 0-0 11. h3 b5 12. Nd2 Ne8 13. b3 Nd6 14. fxe5 Nxe5 15. Nf3 Nxf3+ 16. Rxf3 f5 17. exf5 Bb7 18. Rf2 Bxg2 19. Rxg2 Nxf5 20. Nf4 Qd7 21. Qg4 Bd6 22. Bd2 Rae8 23. Rf1 bxc4 24. bxc4 Qb7 25. Nd5 Bxg3 26. Rxg3 Nxg3 27. Qxg3 Rxf1+ 28. Kxf1 Qb1+ 29. Be1 Rf8+ 30. Kg2 Qxa2+ 31. Bf2 a5 32. Ne7+ Kh8 33. Nf5 Rg8 34. Nd6 Rf8 35. Nf7+ Kg8 36. Nh6+ Kh8 37. Nf5 Rg8 38. Qe5 Qa3 39. Nd6 h6 40. Nf7+ Kh7 41. Qe4+ g6 42. Qf4 Kg7 43. Qc7 Kf6 44. Nxh6 Rf8 45. Ng4+ 1-0

[Event "Oberliga Nord O 2122"]
[Site "Germany"]
[Date "2021.12.12"]
[Round "3.7"]
[White "Vogel, Constantin"]
[Black "Valet, Richard"]
[Result "1-0"]
[WhiteElo "2209"]
[BlackElo "2027"]
[PlyCount "57"]
[EventDate "2021.10.31"]
[EventType "team-tourn"]
[EventRounds "9"]
[EventCountry "GER"]
[SourceTitle "EXT 2023"]
[Source "ChessBase"]
[SourceDate "2022.10.05"]
[SourceVersion "1"]
[SourceVersionDate "2022.10.05"]
[SourceQuality "1"]
[WhiteTeam "Kreuzberg"]
[BlackTeam "Greifswald"]
[WhiteTeamCountry "GER"]
[BlackTeamCountry "GER"]

1. c4 c5 2. g3 Nc6 3. Bg2 g6 4. Nc3 Bg7 5. a3 a5 6. d3 e5 7. Nf3 d6 8. 0-0 f5 9. Bg5 Nf6 10. Qd2 h6 11. Bxf6 Bxf6 12. Nd5 g5 13. Rab1 g4 14. Ne1 Bg5 15. e3 h5 16. f4 Bh6 17. Nc2 h4 18. b4 hxg3 19. hxg3 axb4 20. axb4 Bg7 21. bxc5 dxc5 22. Rb5 Ra2 23. Qc3 Qd6 24. Ra1 Rxc2 25. Qxc2 exf4 26. Ra8 f3 27. Rxc8+ Kf7 28. Rxb7+ Kg6 29. Rxc6 1-0

[Event "EU-Cup 36th"]
[Site "Struga"]
[Date "2021.09.22"]
[Round "5.1"]
[White "Sorensen, Hampus"]
[Black "Vogel, Constantin"]
[Result "1-0"]
[WhiteElo "2383"]
[BlackElo "2149"]
[PlyCount "35"]
[EventDate "2021.09.18"]
[EventType "team-swiss"]
[EventRounds "7"]
[EventCountry "MKD"]
[SourceTitle "CBM 204 Extra"]
[Source "ChessBase"]
[SourceDate "2021.11.30"]
[SourceVersion "1"]
[SourceVersionDate "2021.11.30"]
[SourceQuality "1"]
[WhiteTeam "Pelaro Alingsas"]
[BlackTeam "St Benildus"]
[WhiteTeamCountry "SWE"]
[BlackTeamCountry "IRL"]

1. d4 Nf6 2. c4 e6 3. Nc3 Bb4 4. e3 0-0 5. Bd2 b6 6. Bd3 Bb7 7. Nf3 d5 8. cxd5 exd5 9. 0-0 Re8 10. Rc1 a6 11. Ne5 Bd6 12. f4 c5 13. Be1 Ne4 14. Nxe4 dxe4 15. Nxf7 Kxf7 16. Bc4+ Kf8 17. Qh5 Qc7 18. Qf5+ 1-0

[Event "EU-Cup 36th"]
[Site "Struga"]
[Date "2021.09.20"]
[Round "3.1"]
[White "Bosboom, Manuel"]
[Black "Vogel, Constantin"]
[Result "1/2-1/2"]
[WhiteElo "2395"]
[BlackElo "2149"]
[PlyCount "110"]
[EventDate "2021.09.18"]
[EventType "team-swiss"]
[EventRounds "7"]
[EventCountry "MKD"]
[SourceTitle "CBM 204 Extra"]
[Source "ChessBase"]
[SourceDate "2021.11.30"]
[SourceVersion "1"]
[SourceVersionDate "2021.11.30"]
[SourceQuality "1"]
[WhiteTeam "En Passant"]
[BlackTeam "St Benildus"]
[WhiteTeamCountry "NED"]
[BlackTeamCountry "IRL"]

1. c4 Nf6 2. Nf3 b6 3. d4 e6 4. a3 Bb7 5. Nc3 d5 6. Bg5 Be7 7. Qa4+ c6 8. Bxf6 Bxf6 9. cxd5 exd5 10. g3 0-0 11. Bg2 Re8 12. 0-0 Nd7 13. Rfd1 g6 14. Rac1 Bg7 15. e3 Qe7 16. Ne1 Nf6 17. Nd3 a5 18. Qb3 b5 19. Ne2 h5 20. Ne5 Rac8 21. a4 b4 22. Nf4 c5 23. Nxd5 Nxd5 24. Bxd5 Bxd5 25. Qxd5 Bxe5 26. Qxe5 Qxe5 27. dxe5 Rxe5 28. Rc4 Kf8 29. Rd7 Re7 30. Rd5 Rec7 31. Kg2 Ke7 32. Kf3 Ke6 33. e4 Rd7 34. Rcxc5 Rxc5 35. Rxc5 Rd2 36. Rxa5 Rxb2 37. Rb5 b3 38. Rb6+ Ke7 39. a5 Ra2 40. a6 b2 41. h4 Rxa6 42. Rxb2 Kf6 43. Kf4 Re6 44. f3 Ra6 45. Rd2 Ra4 46. Rd6+ Kg7 47. Rb6 Rc4 48. Rb7 Kf6 49. g4 hxg4 50. fxg4 Ra4 51. Rb6+ Kg7 52. h5 Ra1 53. hxg6 Rf1+ 54. Kg3 f6 55. e5 fxe5 1/2-1/2

[Event "GER-ch Net Amateur Gr-A Vor3"]
[Site "Playchess.com INT"]
[Date "2020.04.16"]
[Round "7"]
[White "Yankelevich, Michael"]
[Black "Vogel, Constantin"]
[Result "1-0"]
[WhiteElo "2027"]
[BlackElo "1883"]
[PlyCount "111"]
[EventDate "2020.04.16"]
[EventType "swiss (blitz)"]
[EventRounds "9"]
[EventCountry "GER"]
[SourceTitle "CBM 195 Extra"]
[Source "ChessBase"]
[SourceDate "2020.05.31"]
[SourceVersion "1"]
[SourceVersionDate "2020.05.31"]
[SourceQuality "1"]

1. e4 Nf6 2. e5 Nd5 3. d4 d6 4. c4 Nb6 5. exd6 cxd6 6. Nc3 g6 7. Nf3 Bg7 8. Be3 0-0 9. Rc1 Nc6 10. Be2 Bg4 11. b3 d5 12. c5 Nc8 13. h3 Bxf3 14. Bxf3 e6 15. 0-0 N8e7 16. Qd2 Nf5 17. Ne2 Re8 18. Bg4 Nxe3 19. fxe3 e5 20. b4 Qg5 21. b5 Nxd4 22. Rcd1 Nxe2+ 23. Qxe2 Rad8 24. c6 bxc6 25. bxc6 Qe7 26. Bd7 Rxd7 27. cxd7 Qxd7 28. Qf3 e4 29. Qe2 Be5 30. Qc2 Bc7 31. Qc5 Re5 32. Rc1 Bb6 33. Qc8+ Qxc8 34. Rxc8+ Kg7 35. Re1 Re7 36. Rc2 f5 37. Kf1 g5 38. Ke2 f4 39. Rd1 f3+ 40. gxf3 exf3+ 41. Kxf3 Rxe3+ 42. Kg2 d4 43. a4 Ra3 44. Rc4 h5 45. Re1 g4 46. hxg4 hxg4 47. Rc6 Kf7 48. Rf1+ Ke7 49. Rh1 Kd7 50. Rg6 Re3 51. Rxg4 Kc6 52. Rg5 d3 53. a5 Bc7 54. Rh6+ Kb7 55. a6+ Kb8 56. Rg8+ 1-0

[Event "GER-ch Net blitz qual4"]
[Site "Playchess.com INT"]
[Date "2020.03.23"]
[Round "5"]
[White "Commercon, Simon"]
[Black "Vogel, Constantin"]
[Result "1/2-1/2"]
[WhiteElo "2202"]
[BlackElo "2149"]
[PlyCount "139"]
[EventDate "2020.03.23"]
[EventType "swiss (blitz)"]
[EventRounds "9"]
[EventCountry "GER"]
[SourceTitle "CBM 195 Extra"]
[Source "ChessBase"]
[SourceDate "2020.05.31"]
[SourceVersion "1"]
[SourceVersionDate "2020.05.31"]
[SourceQuality "1"]

1. d4 Nf6 2. Nf3 d5 3. c4 e6 4. Nc3 Be7 5. Bg5 0-0 6. e3 h6 7. Bxf6 Bxf6 8. Qc2 a6 9. Rc1 Nd7 10. cxd5 Nb6 11. dxe6 Bxe6 12. Bd3 Rc8 13. b4 a5 14. bxa5 Nd5 15. Nxd5 Qxd5 16. 0-0 Qxa5 17. e4 Qxa2 18. Qxa2 Bxa2 19. Rc2 Be6 20. Rfc1 c6 21. e5 Be7 22. h3 Rfd8 23. Be4 Bd5 24. Bxd5 Rxd5 25. Kf1 Rcd8 26. Rb1 R8d7 27. Ke2 f6 28. Ke3 fxe5 29. dxe5 Rd3+ 30. Ke4 Rd1 31. Rxd1 Rxd1 32. Kf5 Kf7 33. e6+ Kf8 34. Ne5 Bf6 35. Nd7+ Ke7 36. Nxf6 gxf6 37. f4 Rd5+ 38. Kg6 Kxe6 39. Re2+ Kd6 40. Kxf6 c5 41. Re6+ Kc7 42. g4 c4 43. g5 hxg5 44. fxg5 c3 45. g6 c2 46. Re7+ Kc6 47. Re8 Rd6+ 48. Kf5 Rd7 49. Rc8+ Rc7 50. Rxc7+ Kxc7 51. g7 c1Q 52. g8Q Qf1+ 53. Ke5 Qxh3 54. Qc4+ Kb8 55. Qg8+ Qc8 56. Qxc8+ Kxc8 57. Kd6 Kd8 58. Kc5 Kc7 59. Kb5 Kc8 60. Kb6 Kb8 61. Kb5 Ka7 62. Ka5 b6+ 63. Kb5 Kb7 64. Kb4 Kc6 65. Kc4 b5+ 66. Kb4 Kb6 67. Kb3 Kc5 68. Kc3 Kd6 69. Kb4 Kd5 70. Kxb5 1/2-1/2

[Event "GER-ch Net blitz qual3"]
[Site "Playchess.com INT"]
[Date "2020.03.21"]
[Round "5"]
[White "Vogel, Constantin"]
[Black "Radke, Rocco Mario"]
[Result "1-0"]
[WhiteElo "2149"]
[BlackElo "2027"]
[PlyCount "59"]
[EventDate "2020.03.21"]
[EventType "swiss (blitz)"]
[EventRounds "9"]
[EventCountry "GER"]
[SourceTitle "CBM 195 Extra"]
[Source "ChessBase"]
[SourceDate "2020.05.31"]
[SourceVersion "1"]
[SourceVersionDate "2020.05.31"]
[SourceQuality "1"]

1. b4 b6 2. Bb2 Bb7 3. e3 Nf6 4. Nf3 d5 5. c4 e6 6. a3 Nbd7 7. Nc3 Be7 8. cxd5 exd5 9. Be2 c5 10. bxc5 bxc5 11. 0-0 0-0 12. d4 cxd4 13. Nxd4 Ne4 14. Nxe4 dxe4 15. Nf5 Bf6 16. Rb1 Nc5 17. Bd4 Bxd4 18. exd4 Bc8 19. Nh6+ gxh6 20. dxc5 Qg5 21. Qd6 Bf5 22. Rb3 Bg6 23. Rg3 Qf5 24. Bg4 Qg5 25. Bd7 Qd8 26. Rc1 a5 27. c6 Qb6 28. h4 h5 29. Qe5 Rab8 30. c7 1-0

[Event "Bunratty Masters 27th"]
[Site "Bunratty"]
[Date "2020.02.22"]
[Round "3"]
[White "Murphy, Sean"]
[Black "Vogel, Constantin"]
[Result "0-1"]
[WhiteElo "1976"]
[BlackElo "2129"]
[PlyCount "102"]
[EventDate "2020.02.21"]
[EventType "swiss"]
[EventRounds "6"]
[EventCountry "IRL"]
[SourceTitle "EXT 2023"]
[Source "ChessBase"]
[SourceDate "2022.10.05"]
[SourceVersion "1"]
[SourceVersionDate "2022.10.05"]
[SourceQuality "1"]

1. Nf3 Nf6 2. g3 b6 3. Bg2 Bb7 4. 0-0 c5 5. c4 g6 6. d4 cxd4 7. Qxd4 Bg7 8. Nc3 0-0 9. Qh4 d6 10. Bh6 Nbd7 11. Rfd1 Rc8 12. b3 Rc5 13. Bxg7 Kxg7 14. Qd4 Qa8 15. b4 Rcc8 16. Nd5 e5 17. Qd2 Nxd5 18. cxd5 Nf6 19. Nh4 h6 20. f4 e4 21. Bh3 Rc4 22. Ng2 Nxd5 23. Qb2+ Kh7 24. Rd4 Rxd4 25. Qxd4 Qe8 26. f5 Qe5 27. Qxe5 dxe5 28. a3 g5 29. Kf2 Nf6 30. Ne3 Rc8 31. a4 Rc3 32. a5 Nd5 33. axb6 Nxe3 34. Rxa7 Bd5 35. b7 Ng4+ 36. Kg1 Rc1+ 37. Bf1 Ne3 38. Kf2 Nxf1 39. e3 Bxb7 40. Rxb7 Kg7 41. h4 gxh4 42. gxh4 Nh2 43. b5 Ng4+ 44. Kg3 Nxe3 45. b6 Nxf5+ 46. Kg4 Nd4 47. Rc7 Rg1+ 48. Kh3 Rb1 49. b7 e3 50. Rc3 e2 51. Re3 Rxb7 0-1

[Event "Bunratty Masters 27th"]
[Site "Bunratty"]
[Date "2020.02.21"]
[Round "1"]
[White "Williams, Simon Kim"]
[Black "Vogel, Constantin"]
[Result "1-0"]
[WhiteElo "2473"]
[BlackElo "2129"]
[PlyCount "55"]
[EventDate "2020.02.21"]
[EventType "swiss"]
[EventRounds "6"]
[EventCountry "IRL"]
[SourceTitle "CBM 195 Extra"]
[Source "ChessBase"]
[SourceDate "2020.05.31"]
[SourceVersion "1"]
[SourceVersionDate "2020.05.31"]
[SourceQuality "1"]

1. d4 Nf6 2. Nf3 e6 3. Bg5 Be7 4. Nbd2 d5 5. e3 c5 6. c3 0-0 7. Bd3 b6 8. Ne5 Qc7 9. 0-0 Ba6 10. Bxa6 Nxa6 11. f4 Ne4 12. Nxe4 dxe4 13. Qa4 Bxg5 14. fxg5 Qb7 15. Rf4 b5 16. Qb3 b4 17. Raf1 cxd4 18. cxd4 Qd5 19. Qd1 Nc5 20. Qh5 Nd3 21. Rh4 h6 22. gxh6 g6 23. h7+ Kh8 24. Qg5 Qd8 25. Qxd8 Raxd8 26. Nxf7+ Rxf7 27. Rxf7 Rc8 28. h3 1-0

[Event "Berlin Werner Ott op"]
[Site "Berlin"]
[Date "2019.06.28"]
[Round "7"]
[White "Vogel, Constantin"]
[Black "Tschernatsch, Johannes"]
[Result "1-0"]
[WhiteElo "2073"]
[BlackElo "2029"]
[PlyCount "95"]
[EventDate "2019.06.22"]
[EventType "swiss"]
[EventRounds "9"]
[EventCountry "GER"]
[SourceTitle "EXT 2022"]
[Source "ChessBase"]
[SourceDate "2021.10.06"]
[SourceVersion "1"]
[SourceVersionDate "2021.10.06"]
[SourceQuality "1"]

1. c4 Nf6 2. g3 e6 3. Bg2 d5 4. Nf3 Be7 5. d4 0-0 6. 0-0 dxc4 7. Qc2 a6 8. a4 Bd7 9. Ne5 Nc6 10. Rd1 Nd5 11. Nxc4 Bf6 12. e3 b5 13. axb5 axb5 14. Rxa8 Qxa8 15. Ncd2 Qa4 16. Qxa4 bxa4 17. Ne4 Be7 18. Nc5 Bxc5 19. dxc5 Ncb4 20. e4 Nf6 21. Nc3 Bc6 22. Bf4 Rc8 23. Rd4 Nc2 24. Rd2 Ne1 25. Bh1 a3 26. bxa3 Ra8 27. Kf1 Rxa3 28. Rd8+ Ne8 29. e5 g5 30. Bxc6 gxf4 31. Rxe8+ Kg7 32. Kxe1 fxg3 33. hxg3 Rxc3 34. Be4 Rxc5 35. f4 Rc4 36. Bd3 Rc1+ 37. Kf2 h5 38. Be2 h4 39. gxh4 Kg6 40. Rg8+ Kh6 41. Rg1 Rc3 42. Rg3 Rc1 43. Ra3 Rh1 44. h5 Rc1 45. Ra4 Rb1 46. Rc4 Rb7 47. Kg3 Kg7 48. Rc6 1-0

[Event "Berlin Werner Ott op"]
[Site "Berlin"]
[Date "2019.06.23"]
[Round "2"]
[White "Schmidt, Fabian"]
[Black "Vogel, Constantin"]
[Result "0-1"]
[WhiteElo "1862"]
[BlackElo "2073"]
[PlyCount "106"]
[EventDate "2019.06.22"]
[EventType "swiss"]
[EventRounds "9"]
[EventCountry "GER"]
[SourceTitle "EXT 2022"]
[Source "ChessBase"]
[SourceDate "2021.10.06"]
[SourceVersion "1"]
[SourceVersionDate "2021.10.06"]
[SourceQuality "1"]

1. e4 Nf6 2. e5 Nd5 3. d4 d6 4. Nf3 Bg4 5. Be2 e6 6. 0-0 Be7 7. c4 Nb6 8. Nc3 0-0 9. Be3 Nc6 10. exd6 cxd6 11. d5 exd5 12. Nxd5 Nxd5 13. cxd5 Bxf3 14. Bxf3 Ne5 15. Be2 Bf6 16. Qd2 Qd7 17. a4 Rfc8 18. Bb5 Qg4 19. f3 Qf5 20. Rac1 a6 21. Be2 h5 22. b3 Nd7 23. Bd3 Qe5 24. f4 Qb2 25. Rxc8+ Rxc8 26. Qxb2 Bxb2 27. Bf5 Rd8 28. Kf2 Nf6 29. Rd1 g6 30. Bh3 Ne4+ 31. Kf3 Ba3 32. Bd4 f5 33. g3 Bc5 34. Bf1 Bxd4 35. Rxd4 Nc5 36. b4 Nxa4 37. b5 Nc5 38. bxa6 bxa6 39. Rb4 a5 40. Rb5 Ra8 41. Rb6 a4 42. Rxd6 a3 43. Bc4 Ne4 44. Rxg6+ Kf7 45. Rc6 a2 46. Bxa2 Rxa2 47. Re6 Rf2+ 48. Ke3 Rxh2 49. Re5 Nxg3 50. d6 Re2+ 51. Kf3 Rxe5 52. fxe5 h4 53. Kg2 f4 0-1

[Event "EU-Cup 34th"]
[Site "Porto Carras"]
[Date "2018.10.15"]
[Round "4.1"]
[White "Pleasants, Allan J"]
[Black "Vogel, Constantin"]
[Result "1/2-1/2"]
[WhiteElo "2090"]
[BlackElo "2060"]
[PlyCount "103"]
[EventDate "2018.10.12"]
[EventType "team-swiss"]
[EventRounds "7"]
[EventCountry "GRE"]
[SourceTitle "CBM 187"]
[Source "ChessBase"]
[SourceDate "2018.12.11"]
[SourceVersion "1"]
[SourceVersionDate "2018.12.11"]
[SourceQuality "1"]
[WhiteTeam "White Knights"]
[BlackTeam "St Benildus"]
[WhiteTeamCountry "WLS"]
[BlackTeamCountry "IRL"]

1. e4 Nf6 2. e5 Nd5 3. c4 Nb6 4. d4 d6 5. exd6 cxd6 6. Nc3 g6 7. Be3 Bg7 8. Rc1 0-0 9. Be2 Nc6 10. d5 Ne5 11. b3 f5 12. f4 Ng4 13. Bxg4 fxg4 14. Nge2 e5 15. dxe6 Bxe6 16. 0-0 d5 17. c5 Nc8 18. Bd4 Ne7 19. Bxg7 Kxg7 20. Nd4 Bf5 21. Ncb5 Rf6 22. Nd6 b6 23. b4 a5 24. a3 axb4 25. axb4 bxc5 26. bxc5 Rxd6 27. cxd6 Qxd6 28. Ra1 Rb8 29. Qd2 Be4 30. Rfc1 Qb6 31. Qf2 Kg8 32. Ra2 h5 33. Rd2 Kf7 34. Ne2 Nf5 35. Qxb6 Rxb6 36. Kf2 h4 37. Rcd1 Rb3 38. Nd4 Nxd4 39. Rxd4 g3+ 40. hxg3 Rxg3 41. Rxe4 dxe4 42. Re1 Kf6 43. Rxe4 Kf5 44. Ra4 Rb3 45. Rc4 h3 46. gxh3 Rxh3 47. Ra4 Rb3 48. Ra5+ Kxf4 49. Ra4+ Kg5 50. Kg2 Kh5 51. Ra5+ g5 52. Ra4 1/2-1/2

[Event "EU-Cup 34th"]
[Site "Porto Carras"]
[Date "2018.10.13"]
[Round "2.1"]
[White "Vogel, Constantin"]
[Black "Bates, Richard"]
[Result "0-1"]
[WhiteElo "2060"]
[BlackElo "2374"]
[PlyCount "76"]
[EventDate "2018.10.12"]
[EventType "team-swiss"]
[EventRounds "7"]
[EventCountry "GRE"]
[SourceTitle "CBM 187"]
[Source "ChessBase"]
[SourceDate "2018.12.11"]
[SourceVersion "1"]
[SourceVersionDate "2018.12.11"]
[SourceQuality "1"]
[WhiteTeam "St Benildus"]
[BlackTeam "Blackthorne Russia"]
[WhiteTeamCountry "IRL"]
[BlackTeamCountry "ENG"]

1. c4 e6 2. g3 Nf6 3. Bg2 d5 4. Nf3 Be7 5. 0-0 0-0 6. b3 b6 7. Bb2 c5 8. cxd5 Nxd5 9. d4 Bb7 10. dxc5 Bxc5 11. Nbd2 Nd7 12. a3 a5 13. Ne4 Be7 14. Nd4 Qb8 15. Rc1 Nc5 16. Qc2 Rc8 17. Qb1 Nf6 18. Ng5 Bxg2 19. Kxg2 Qb7+ 20. Kg1 Qd5 21. Ngf3 Nxb3 22. Rcd1 a4 23. Nxb3 Qxb3 24. Rd3 Qc2 25. Qxc2 Rxc2 26. Rb1 Rac8 27. Nd4 R2c4 28. Nb5 Nd5 29. Kg2 h6 30. Bd4 f5 31. Be5 Kf7 32. f3 Rc2 33. Kf2 Ra2 34. Ke1 Rcc2 35. Nd4 Rc4 36. Nb5 Bc5 37. Bd6 Rcc2 38. e4 Rxh2 0-1

[Event "Berlin Cup op"]
[Site "Berlin"]
[Date "2018.09.20"]
[Round "4"]
[White "Lenhardt, Manfred"]
[Black "Vogel, Constantin"]
[Result "0-1"]
[WhiteElo "2024"]
[BlackElo "2095"]
[PlyCount "66"]
[EventDate "2018.08.30"]
[EventType "swiss"]
[EventRounds "5"]
[EventCountry "GER"]
[SourceTitle "EXT 2022"]
[Source "ChessBase"]
[SourceDate "2021.10.06"]
[SourceVersion "1"]
[SourceVersionDate "2021.10.06"]
[SourceQuality "1"]

1. d4 Nf6 2. Nf3 c5 3. e3 g6 4. dxc5 Bg7 5. a3 0-0 6. Be2 a5 7. Nc3 Qc7 8. Na4 Na6 9. Bd2 Nxc5 10. Nxc5 Qxc5 11. Bc3 d6 12. 0-0 e5 13. Be1 Qc7 14. a4 Bf5 15. c4 Rfd8 16. b4 d5 17. Qb3 d4 18. exd4 exd4 19. Rd1 Ne4 20. Bd3 axb4 21. Bxb4 Qc6 22. Nh4 Be6 23. Rb1 Nc3 24. Rbe1 Qxa4 25. Qb2 Qc6 26. Nf3 Ra2 27. Qb3 Qa4 28. Qxa4 Rxa4 29. Be7 Rd7 30. Bg5 Ra6 31. Ra1 Bf5 32. Rxa6 bxa6 33. Re1 Rd8 0-1

[Event "Berlin Cup KO"]
[Site "Berlin"]
[Date "2018.09.06"]
[Round "2.6"]
[White "Fanin, Erik"]
[Black "Vogel, Constantin"]
[Result "0-1"]
[WhiteElo "1893"]
[BlackElo "2095"]
[PlyCount "80"]
[EventDate "2018.08.30"]
[EventType "k.o."]
[EventRounds "5"]
[EventCountry "GER"]
[SourceTitle "EXT 2022"]
[Source "ChessBase"]
[SourceDate "2021.10.06"]
[SourceVersion "1"]
[SourceVersionDate "2021.10.06"]
[SourceQuality "1"]

1. e4 Nf6 2. Nc3 e6 3. d4 d5 4. Bg5 Bb4 5. e5 h6 6. Bh4 g5 7. Bg3 Ne4 8. Nge2 c5 9. f3 Nxg3 10. hxg3 cxd4 11. Nxd4 Qc7 12. Qd2 Qxe5+ 13. Kf2 Bc5 14. Bb5+ Kf8 15. Nce2 a6 16. Ba4 Bd7 17. Bb3 Bb5 18. c3 Bxe2 19. Rhe1 Nc6 20. Rad1 Nxd4 21. cxd4 Bxd4+ 22. Qxd4 Qxd4+ 23. Rxd4 Bb5 24. f4 Kg7 25. f5 Rhe8 26. g4 Bc6 27. Rd2 Kf6 28. fxe6 fxe6 29. Kg3 Rad8 30. Rf2+ Ke7 31. Rfe2 Kd6 32. Rh1 Rh8 33. Rhe1 Rde8 34. Re5 Rhf8 35. Bc2 Rf6 36. Bd3 Ref8 37. R1e2 Bd7 38. Bc2 Rf4 39. Bb3 Rd4 40. Re1 Rff4 0-1